| 000 | 00466cam a2200181ua 4500 | ||
|---|---|---|---|
| 020 | _c12.50 | ||
| 041 |
_aeng _h |
||
| 082 |
_a320.01 _bKAR/CO |
||
| 100 | _aKarunakaran, K.P . | ||
| 245 |
_aContinuity and change in Indian politics / _cK.P.Karunakaran. _hTextual Documents |
||
| 250 |
_a1 / _b. |
||
| 260 |
_aNew Delhi : _bPeoples publishing house , _c1964. |
||
| 300 | _a204 ; . | ||
| 365 | _a12.50 | ||
| 504 | _a | ||
| 942 | _cBK | ||
| 999 |
_c2162 _d2162 |
||